| 000 | 01040nam a22002657a 4500 | ||
|---|---|---|---|
| 003 | DO-SdBNP | ||
| 005 | 20220531084023.0 | ||
| 007 | ta | ||
| 008 | 211102b2021 dr ||||| |||| 00| 0 spa d | ||
| 020 | _a9789945097443 | ||
| 040 |
_aDO-SdBNP _bspa _cBNPHU |
||
| 082 | 4 | _222 | |
| 100 | 1 |
_aMota, Nikauly de la _980440 |
|
| 245 | 1 | 0 |
_aTú eliges transformación o muerte : _b10 poderosas claves para transformarte y triunfar en un mundo cambiante / _cNikauly de la Mota |
| 260 |
_aSanto Domingo : _bBúho, _c2021. |
||
| 300 |
_a274 p. ; _c23 cm. |
||
| 490 | 1 | _aMisión transformación | |
| 500 | _aIncluye breves datos de la autora en la contracubierta. | ||
| 505 | 0 |
_aIntroducción -- _tUn enemigo invisible, el mundo cambió -- _tClaves poderosas para transformante y triunfar en un mundo cambiante -- _tMisión transformación -- |
|
| 590 | _aInventariado, 2021 /LP | ||
| 590 | _aLa biblioteca posee 1 ejemplar autografiado por la autora. | ||
| 830 | 0 |
_aMisión transformación _980441 |
|
| 910 | _aLopérez | ||
| 942 |
_2ddc _cLBS1 |
||
| 999 |
_c50847 _d50847 |
||